Countries with the Highest Birth Rate - Statistics

General Stats
  • This quiz has been taken 73 times
  • The average score is 14 of 20
Answer Stats
Birth Rate Answer % Correct
49 Niger
92%
40 Nigeria
86%
46 Mali
83%
43 Republic of the Congo
82%
45 Chad
79%
45 Uganda
77%
46 Zambia
77%
41 Rwanda
76%
41 Tanzania
76%
44 Somalia
73%
39 Guinea
70%
42 Angola
67%
38 Guinea Bissau
67%
39 Liberia
67%
39 Sierra Leone
62%
40 Benin
61%
44 Malawi
61%
43 Burkina Faso
58%
44 Afghanistan
41%
38 East Timor
8%
No matching quizzes found
Score Distribution
Percent of People with Each Score
Percentile by Number Answered
Your Score History
You have not taken this quiz